Ecclesiastical topography (Record no. 114059)

MARC details
000 -LEADER
fixed length control field 00745cam a22001815a 4500
001 - CONTROL NUMBER
control field L156152
008 - FIXED-LENGTH DATA ELEMENTS--GENERAL INFORMATION
fixed length control field 120501s1811 xxk f 000 0 eng d
035 ## - SYSTEM CONTROL NUMBER
System control number (Sirsi) u156152
041 0# - LANGUAGE CODE
Language code of text/sound track or separate title eng
100 1# - MAIN ENTRY--PERSONAL NAME
Personal name Woodburn, Samuel
Dates associated with a name 1785 or 6-1853
245 00 - TITLE STATEMENT
Title Ecclesiastical topography
Remainder of title a collection of one hundred views of churches in the environs of London, from drawings expressly taken for this work, accompanied with descriptions from the best sources, both ms. and printed
260 ## - PUBLICATION, DISTRIBUTION, ETC.
Place of publication, distribution, etc. London
Name of publisher, distributor, etc. William Miller
Date of publication, distribution, etc. 1811
300 ## - PHYSICAL DESCRIPTION
Extent 2 v.
Other physical details ill.
Dimensions 29 cm.
583 0# - ACTION NOTE
Action Condition reviewed
Time/date of action 20120620
Status condition level 4 and 4, missing spines and detached boards
651 #4 - SUBJECT ADDED ENTRY--GEOGRAPHIC NAME
Geographic name England
Chronological subdivision 886-
690 ## - LOCAL SUBJECT ADDED ENTRY--TOPICAL TERM (OCLC, RLIN)
Topical term or geographic name as entry element Conservation and restoration
942 ## - ADDED ENTRY ELEMENTS (KOHA)
Suppress in OPAC 0
Holdings
Withdrawn status Lost status Source of classification or shelving scheme Damaged status Not for loan Home library Current library Shelving location Date acquired Total Checkouts Full call number Barcode Date last seen Copy number Price effective from Koha item type
    Dewey Decimal Classification     Historic collection Historic collection Historic collection 01/05/2012   FOLIO 1811 WOODBURN VOL. 1 30077754 06/08/2019 1 06/08/2019 Book
    Dewey Decimal Classification     Historic collection Historic collection Historic collection 20/02/2013   FOLIO 1811 WOODBURN VOL. 2 30078135 06/08/2019 1 06/08/2019 Book